000 00451cam a2200145 4500500
005 20260329004359.0
041 _afre
042 _adc
245 0 0 _aNous sommes les autres animaux
260 _c2019.
500 _a8
690 _aDominique Lestel
786 0 _nPhilosophie magazine | 132 | 9 | 2019-09-01 | p. 58-58 | 1951-1787
856 4 1 _uhttps://shs.cairn.info/magazine-philosophie-magazine-2019-9-page-58?lang=fr&redirect-ssocas=7080
999 _c1833361
_d1833361